College Basketball General Knowledge - 2020's - Statistics

General Stats
  • This quiz has been taken 24 times
  • The average score is 6 of 15
Answer Stats
Hint Answer % Correct
Which 2023 team defeated Kansas State 79–76 in the Elite Eight to reach its first Final Four? FAU
70%
Which No. 11 seed reached the 2021 Final Four after defeating Michigan in the Elite Eight? UCLA
70%
Which 2021 No. 14 seed defeated No. 3 Texas in the first round after Abilene Christian forced 23 turnovers? Abilene Christian
60%
Which player hit the game-winning overtime three-pointer at the buzzer to defeat UCLA in the 2021 Final Four? Jalen Suggs
60%
Who scored 37 points in the 2024 Elite Eight against Tennessee? Zach Edey
55%
Which 2024 Final Four team was the lowest seed remaining entering the Elite Eight? NC State
50%
Which 2024 No. 1 seed was eliminated in the Sweet 16 by Clemson? Arizona
45%
Which player recorded 20 points and 18 rebounds in the 2021 national championship game despite his team losing? Drew Timme
40%
What team in 2022 beat Purdue in the Sweet Sixteen? St. Peter's
40%
Who was the Most Outstanding Player of the 2022 Final Four? Ochai Agbaji
35%
Which player for UCLA scored 19 straight points for his team in the second half of the 2021 Final Four game? Johnny Juzang
30%
Who was on the 2021 Baylor starting five who is now playing in the NFL? Mark Vital
25%
Who scored 30 points in the 2023 national championship game? Jordan Hawkins
20%
Which player scored 40 points in the 2022 NCAA Tournament Elite Eight? Armando Bacot
5%
Who hit the go-ahead jumper in the 2022 national championship game? David McCormack
5%
No matching quizzes found
Score Distribution
Percent of People with Each Score
Percentile by Number Answered
Your Score History
You have not taken this quiz